[Event "EU-ch U18 rapid"]
[Site "Terme Catez"]
[Date "2023.09.29"]
[Round "7"]
[White "Biletskyy, Dmytro"]
[Black "Krivenko, Dion"]
[Result "1-0"]
[WhiteElo "2001"]
[BlackElo "2280"]
[PlyCount "267"]
[EventDate "2023.09.28"]
[EventType "swiss (rapid)"]
[EventRounds "9"]
[EventCountry "SLO"]
[SourceTitle "EXT 2024"]
[Source "ChessBase"]
[SourceDate "2023.10.10"]
[SourceVersion "1"]
[SourceVersionDate "2023.10.10"]
[SourceQuality "1"]

1. e4 Nc6 2. Nf3 d6 3. d4 Nf6 4. Nc3 Bg4 5. Be3 g6 6. h3 Bxf3 7. Qxf3 e5 8. Bb5 Nd7 9. d5 Ncb8 10. 0-0-0 Bg7 11. g4 a6 12. Be2 b5 13. h4 Nb6 14. h5 Bf6 15. Qg3 Bg5 16. f4 exf4 17. Bxf4 N8d7 18. Rdf1 Ne5 19. Kb1 Bxf4 20. Qxf4 Qe7 21. Qe3 0-0 22. hxg6 fxg6 23. g5 Rxf1+ 24. Bxf1 Nbc4 25. Qg3 b4 26. Ne2 Nd2+ 27. Ka1 Nxe4 28. Qh4 Nc5 29. Nd4 Rf8 30. Bh3 Nf3 31. Nxf3 Rxf3 32. Bg4 Rf4 33. Qh3 Re4 34. Be6+ Nxe6 35. dxe6 Rxe6 36. Qg3 c6 37. Rd1 d5 38. Qb8+ Kg7 39. Qg3 Re5 40. Qh4 Qxg5 41. Qxb4 Qe7 42. Qc3 Qf6 43. a3 Rf5 44. Qd3 c5 45. Rd2 c4 46. Qe3 Re5 47. Qa7+ Re7 48. Qc5 Rd7 49. Qc8 Rd6 50. Qc7+ Kg8 51. Qc8+ Rd8 52. Qc5 Qe6 53. Qd4 Re8 54. Ka2 Qe5 55. Qc5 Rd8 56. c3 Qe6 57. Qd4 Rf8 58. Rg2 Qe4 59. Qg1 Re8 60. Rd2 Qe3 61. Qd1 Qe1 62. Qc2 Qe4 63. Qd1 Rd8 64. Rd4 Qe6 65. Qf3 Rd7 66. Qf4 Qb6 67. Qe5 Qd6 68. Qe8+ Kg7 69. Qe2 Re7 70. Qf3 Re5 71. Qf2 Qb6 72. Qd2 Rf5 73. Qe2 Qb7 74. Qg2 Qf7 75. Qg3 Qb7 76. Qh3 h5 77. Rd2 Re5 78. Qg3 Rf5 79. Qh3 Qb3+ 80. Kb1 Qb6 81. Qg2 Qe6 82. Ka2 Qe4 83. Qg1 Qe6 84. Qd4+ Qf6 85. Qa7+ Qf7 86. Qd4+ Kh7 87. Re2 Qb7 88. Re1 Qb3+ 89. Kb1 Qb7 90. Qc5 Qg7 91. Re7 Rf7 92. Re1 Qf6 93. Qg1 Qf2 94. Qh1 Kh6 95. Rd1 Qf3 96. Qg1 Qe4+ 97. Ka2 Qf5 98. Qd4 Kh7 99. Re1 Qd7 100. Qc5 Qb7 101. Qd4 Qb3+ 102. Kb1 Qb7 103. Ka2 Qb5 104. Rg1 Qd7 105. Re1 Qb7 106. Rg1 Rf5 107. Re1 Qg7 108. Qh4 Re5 109. Rd1 Qb7 110. Rd2 Qe7 111. Qd4 Qe6 112. Qa7+ Kh6 113. Qa8 Kg7 114. Qa7+ Qf7 115. Qxa6 h4 116. Qd6 Qe7 117. Qc6 h3 118. Rh2 Rh5 119. Qc8 Qe3 120. Qd7+ Kh6 121. Qd6 Qe8 122. Qf4+ Kh7 123. Qg4 Qe4 124. Qd7+ Kh6 125. Rxh3 Rxh3 126. Qxh3+ Kg5 127. Qg3+ Kf5 128. Qf2+ Ke6 129. a4 g5 130. a5 g4 131. a6 Kd7 132. Qf7+ Kd6 133. a7 d4 134. Qf8+ 1-0